00530 2200169 4500245003900000020002200039250001100061100002500072700001800097650002100115005001900136260007500155041001400230084000800244300009900252336000900351 aPulangcSketsa Ultra PelangihText a978-623-118-713-0 aCet. 1 aSketsa Ultra Pelangi aLita Rizqiani aCerita Bergambar a20240902103841 aJakartabKementerian pendidikan, kebuayaan, Riset, dan Teknologic2023 aIndonesia a741 amenggunakan huruf Andika New Basic 24/32 pt, Open Font License iv, 28 hlm :b21 × 29,7 cm. ; atext